Mentes y máquinas
Guardat en:
| Autors principals: | , , |
|---|---|
| Format: | Llibre |
| Idioma: | espanyol |
| Publicat: |
Madrid
Tecnos
1985
|
| Col·lecció: | Cuadernos de Filosofía y Ensayo
|
| Matèries: | |
| Etiquetes: |
Afegir etiqueta
Sense etiquetes, Sigues el primer a etiquetar aquest registre!
|
MARC
| LEADER | 00000nam a2200000 a 4500 | ||
|---|---|---|---|
| 001 | UCQ6049 | ||
| 003 | CL-VaPUC | ||
| 008 | 981009e19850000SP |||||||||||||||||spa|d | ||
| 082 | 0 | 4 | |a 121 |b TUR |2 21 |
| 100 | 0 | |a Turing, A. M |e author |9 420005 | |
| 700 | 0 | |a Putnam, Hilary |e author |9 420006 | |
| 700 | 0 | |a Davidson, Donald |e author |9 323453 | |
| 245 | 1 | 0 | |a Mentes y máquinas |
| 300 | |a 126 p | ||
| 942 | |c BK | ||
| 945 | |d 19981009 00:00:00 |a cmena | ||
| 260 | |a Madrid |b Tecnos |c 1985 | ||
| 650 | 0 | |a Teoría del conocimiento |9 255038 | |
| 650 | 0 | |a Epistemología |9 264994 | |
| 650 | 0 | |a Computadores |9 258188 | |
| 650 | 0 | |a Filosofía del lenguaje |9 257082 | |
| 583 | |a last modification |c 19981009 00:00:00 |k Rodrigo Vera | ||
| 490 | 0 | |a Cuadernos de Filosofía y Ensayo | |
| 999 | |c 276052 |d 276050 | ||
| 952 | |0 0 |1 0 |4 0 |6 121_000000000000000_TUR_1985 |7 0 |8 A |9 313166 |a FDOPOS |b FDOPOS |d 2019-11-20 |i 1479261 |o 121 TUR 1985 |p 1479261 |r 2025-01-22 |w 2019-11-20 |y BK |k MLA | ||